000 00988nam a22002895i 4500
001 178472
003 ES-MaACL
005 20240229200241.0
008 110602s1943 it a |||| | ita d
080 _a72(450)
080 _a72 Bramante, Donato
100 1 _aBaroni, Costantino.
_9146855
245 1 0 _aBramante /
_cCostantino Baroni.
260 _aBergamo :
_bIstituto Italiano d'Arti Grafiche,
_cstamp. 1943.
300 _a57, 134 p. de il. bl. y n. , [2] h. pleg. :
_b1 il. col. ;
_c26 cm.
490 1 _aI grandi artisti italiani ;
_v12
500 _aCon 134 tavole in rotocalco ed 1 tricromia.
500 _aÍndices.
504 _aBibliografía: p. 53-54.
546 _aTexto en italiano.
600 1 4 _aBramante, Donato.
_9146856
650 0 7 _aArquitectura italiana
_2
_9146857
710 0 _aIstituto Italiano d'Arti Grafiche.
_9146842
830 0 _aI grandi artisti italiani ;
_v12
_9190981
852 _aES-MaACL
_jE-15221
_xOlim P-941
999 _c178472
_d178472